01367 a2200265 4500003000500000005001700005010001600022020002400038040000900062082001600071245021700087250001200304260003400316300002400350505024900374650003000623650006300653650005500716700002900771700004200800942001200842999001900854952010300873952012500976Nust20230307112351.0 a 91035693 a0385422814 (hard) : cNust00a355.033,ELS00aBut was it just? :breflections on the morality of the Persian Gulf War /cJean Bethke Elshtain ... [et al.] ; with an appendix from La Civiltᡠcattolica translated by Peter Heinegg ; edited by David E. DeCosse. a1st ed. aNew York :bDoubleday,c1992. ax, 132 p. ;c22 cm. aJustice and Injustice in the Gulf War (Page-1), From Last Resort to Endgame (Page-19), Just War as Politics (Page-43), Can Wars be Just? A Palestinian Viewpoint of the Gulf War (Page-61), Whose Just War? Which Peace Stanley Hauerwas (Page-83). 0aJust war doctrine.937137 0aPersian Gulf War, 1991xMoral and ethical aspects.9107045 0aPersian Gulf War, 1991xReligious aspects.91070461 aDeCosse, David E.9798371 aElshtain, Jean Bethke,d1941-9107047 2ddccBK c185664d185664 00102ddc40708NFICaMCSbMCSd2016-12-12l0o355.033 ELSpMCS27998r2016-12-08w2016-12-12yBK 00102ddc4070aMCSbMCScGENd2016-12-12o355.033,ELSpMCS27999r2016-12-08w2016-12-12yBKzAlmirah No.74, Shelf No.1